Statistics for "Strange Bans" in the Countries Quiz

Click here to take the quiz!

General Stats

  • This quiz has been taken 30 times
  • The average score is 9 of 20

Answer Stats

BansCountry% Correct
Kissing in Public / PDA, BeefIndia
80%
Obesity (mainly to company workers)Japan
80%
Candy Eggs - Kinder's Surprises importUnited States
76%
Chewing GumSingapore
76%
Blue JeansNorth Korea
60%
Reincarnation without permission for Buddhist monksChina
56%
Valentine's DayIndonesia / Pakistan / Saudi Arabia
56%
MasturbationIndonesia / Saudi Arabia
52%
Time TravelChina
52%
Western HaircutsIran
52%
Lacy underwearBelarus / Kazakhstan / Russia
48%
Baby WalkersCanada
44%
Excess Ketchup, Mayo, and Vinaigrette(in schools)France
40%
Sharing MemesAustralia
28%
High Heels (at Historical Site)Greece
28%
Yellow ClothesMalaysia
20%
Black CarsTurkmenistan
12%
ScrabbleRomania
8%
Opera, Ballet and Lip-syncingTurkmenistan
8%
JoggingBurundi
0%

Score Distribution

Percentile by Number Answered

Percent of People with Each Score

Your Score History

You have not taken this quiz